Math Geeks #3: Preschool Addition - Statistics

General Stats
  • This quiz has been taken 110 times
  • The average score is 10 of 10
Answer Stats
Hint Answer % Correct
7+1 8
100%
4+5 9
100%
1+9 10
99%
2+10 12
99%
12+1 13
99%
1+1 2
99%
10+10 20
99%
2+2 4
99%
3+4 7
99%
11+3 14
98%
No matching quizzes found
Score Distribution
Percent of People with Each Score
Percentile by Number Answered
Your Score History
You have not taken this quiz